Gooner Quiz 2 - Statistics

General Stats
  • This quiz has been taken 47 times
  • The average score is 9 of 20
Answer Stats
Hint Answer % Correct
The protagonist of Minecraft Steve
98%
How many Police Academy movies were made? (number) 7
71%
Super Mario's little brother Luigi
71%
A green dinosaur who made his first appearance in Super Mario World Yoshi
71%
Who wrote the Harry Potter books? J.K. Rowling
68%
Why was 6 afraid of 7? 789
61%
Who plays Iron Man in the MCU? Robert Downey Jr
61%
A funny rabbit from Looney Tunes Bugs Bunny
59%
A big green monster/hero from Marvel Comics Hulk
56%
Freaky anime stuff Hentai
54%
What movie franchise is "Spaceballs" a parody of? Star Wars
51%
A cool WWE guy from Brawl Stars El Primo
34%
A wizard who fought a Balrog on the bridge of Khazad Dum, also known as "Mithrandir" Gandalf
32%
Who plays Doctor House? Hugh Laurie
27%
Simo Häyhä killed over 500 Soviet soldiers during the ______ War Winter
22%
Which movie? "That's not a knife. This is a knife." Crocodile Dundee
20%
Who directed the "Seven Samurai" Akira Kurosawa
10%
Who played James Bond in "Moonraker"? Roger Moore
10%
What does the creator desire? Hope
2%
"A fistful of dollars" is a Western adaptation of this classic samurai movie Yojimbo
2%
No matching quizzes found
Score Distribution
Percent of People with Each Score
Percentile by Number Answered
Your Score History
You have not taken this quiz